000 00451nam a2200193Ia 4500
005 20250425160824.0
008 250425s9999 xx 000 0 und d
041 _aeng
082 _a552.8
100 _aFREUND, HUGO
245 0 _aAPPLIED ORE MICROSCOPY: THEORY AND TECHNIQUE
250 _aS.E.
260 _aEstados Unidos
_bMACMILLAN
_c1966
260 _aNEW YORK
300 _a607
650 _aMINERALES
942 _c01
010 _a6105
999 _c196836
_d196836